• 首页
  • 本馆介绍
  • 公告通知
  • 最新文献
  • 馆藏检索
  • 电子资源
  • 读者导购
  • 参考咨询
  • 我的图书馆
  • 登录
  • 详细信息显示
  • 放入我的书架
  • 预约/预借图书
  • 作者相关作品
  • 分类相关作品
  • 丛书相关作品
  • 出版社相关作品

书目信息

  • 表格格式
  • 工作单格式
  • 卡片格式
题名:
文化艺术管理结构体系研究
    
 
作者: 郭萌 , 韩洁平 , 毕依云 著
分册:  
出版信息: 北京   光明日报出版社  2018
页数: 170页
开本: 25cm
丛书名: 当代人文经典书库
单 册:
中图分类: G113
科图分类:
主题词: 文化管理--wen hua guan li--结构体系--研究
电子资源:
ISBN: 978-7-5194-3563-9
000 01570nam 2200337 450
001 012001003530
005 20131013142536.0
010    @a978-7-5194-3563-9@b精装@dCNY68.00
099    @aCAL 012018020587
100    @a20180122d2018 em y0chiy50 ea
101 0  @achi
102    @aCN@b110000
105    @aak a 000yy
106    @ar
200 1  @a文化艺术管理结构体系研究@Awen hua yi shu guan li jie gou ti xi yan jiu@f郭萌, 韩洁平, 毕依云著
210    @a北京@c光明日报出版社@d2018
215    @a170页@c图@d25cm
225 2  @a当代人文经典书库@Adang dai ren wen jing dian shu ku
300    @a国家教育部2011年度人文社会科学研究项目后续成果 (结题证书编号: 2015XZ1322) 吉林省教育厅“十二五”人文社会科学规划成果--专家建言项目 (合同编号: 吉教科文合字 {2015} 第168号)
306    @a本专著为吉林省教育厅资助出版
314    @a郭萌, 东北电力大学艺术学院教授、设计艺术硕士研究生导师。韩洁平, 东北电力大学经济管理学院副院长、教授、管理学硕士研究生导师。毕依云, 东北电力大学艺术学院2013级设计艺术学专业在读研究生。
320    @a有书目 (第160-168页)
330    @a《文化艺术管理结构体系研究》一书为华北电力学院科研项目, 全书共分九章, 通过文化研究方法论中的文化经济学和自由多元主义, 从政治经济学和文化社会学角度阐释文化艺术管理结构中数字内容产业成长机理和信息资源管理问题。
410  0 @12001 @a当代人文经典书库
606 0  @a文化管理@Awen hua guan li@x结构体系@x研究
690    @aG113@v5
701  0 @a郭萌@Aguo meng@4著
701  0 @a韩洁平@Ahan jie ping@4著
701  0 @a毕依云@Abi yi yun@4著
801    @b江苏凤凰@c20191020
905    @b1233193-8@dG113@e67@f6
    
    文化艺术管理结构体系研究/郭萌, 韩洁平, 毕依云著.-北京:光明日报出版社,2018
    170页:图;25cm.-(当代人文经典书库)
    国家教育部2011年度人文社会科学研究项目后续成果 (结题证书编号: 2015XZ1322) 吉林省教育厅“十二五”人文社会科学规划成果--专家建言项目 (合同编号: 吉教科文合字 {2015} 第168号)
    
    ISBN 978-7-5194-3563-9(精装):CNY68.00
    《文化艺术管理结构体系研究》一书为华北电力学院科研项目, 全书共分九章, 通过文化研究方法论中的文化经济学和自由多元主义, 从政治经济学和文化社会学角度阐释文化艺术管理结构中数字内容产业成长机理和信息资源管理问题。
●
相关链接 在E读中查询图书 在五车中查询图书 在当当中查询图书 在豆瓣中查询图书


正题名:文化艺术管理结构体系研究     索取号:G113/67         预约/预借

序号 登录号 条形码 馆藏地/架位号 状态 备注
1 1233193   212331939   第一样本阅览室/ [索取号:G113/67] 在馆    
2 1233194   212331948   教育系资料室/ [索取号:G113/67] 在馆    
3 1233195   212331957   教育系资料室/ [索取号:G113/67] 在馆    
4 1233196   212331966   教育系资料室/ [索取号:G113/67] 在馆    
5 1233197   212331975   第四借阅区/ [索取号:G113/67] 在馆    
6 1233198   212331984   第四借阅区/ [索取号:G113/67] 在馆    
唐山师范学院图书馆 欢迎您!
大连网信软件有限公司© 版权所有